| 000 | 00503nam a2200181Ia 4500 | ||
|---|---|---|---|
| 999 |
_c16688 _d16688 |
||
| 082 | _aTD.0310 | ||
| 100 | _aDubey, Mukta | ||
| 245 | 0 | _aMahila aarakshan vedheyak- vivad, chunotiyan or sambhavnayein | |
| 260 |
_aUjjain _bVikram Vishwavidyalaya, Ujjain _c2011 |
||
| 300 | _a257 | ||
| 504 | _aincludes bibliography | ||
| 650 | _aWomen in development | ||
| 650 |
_awomen _vSocial conditions |
||
| 650 | _aFeminism | ||
| 650 |
_awomen _vEmployment |
||
| 710 | _aSharma, Gopalkrishna | ||
| 942 |
_cTH _2ddc |
||